Causa por Doña Ines María de Mendoza, con el conde de Cossa Rubios sobre nulidad de la profesión de la dicha doña Inés María

Detalles Bibliográficos
Otros Autores: Ynes María de Mendoza
Formato: Libro
Publicado: s.l., s.f.
Materias:
Colección:Banco de datos
Acervo:Biblioteca Palafoxiana. Colección de Manuscritos
Descripción Física:4 f. ; 20.5 x 30.5 cm.
Tema general:Eclesiástica
LEADER 00479nam a22001450004500
035 |a 1060 
245 1 0 |a Causa por Doña Ines María de Mendoza, con el conde de Cossa Rubios sobre nulidad de la profesión de la dicha doña Inés María 
260 |a s.l., s.f. 
300 |a 4 f. ; 20.5 x 30.5 cm. 
650 1 0 |a Eclesiástica 
700 1 |a Ynes María de Mendoza 
949 |a 19944/004 
942 |c PALAMANU 
943 |g Biblioteca Palafoxiana. Colección de Manuscritos 
999 |c 1069005  |d 1069005